| 000 | 01037nam2a22002771 4500 | ||
|---|---|---|---|
| 001 | rc\4298228 | ||
| 005 | 20130416124744.8 | ||
| 021 |
_aRU _b[58-63791] |
||
| 035 | _a(NLR Aleph) 008500218 | ||
| 090 |
_a8104274 _c8104274 |
||
| 100 | _a20130416d1958 |||y0rusy50 ca | ||
| 101 | 0 | _arus | |
| 102 | _aRU | ||
| 105 | _aab z ||||| | ||
| 200 | 0 |
_aВып. 1 _fСост. Л.В. Мясникова, П.Н. Плотникова |
|
| 210 | _d1958 | ||
| 215 | _a37 отд. л. ил., карт. в папке | ||
| 461 | 0 |
_1001rc\4298227 _12001#$aВ помощь изучающим основы политических знаний$eНаглядные пособия$eВып. 1-$vВып. 1 |
|
| 607 |
_aСССР _xИстория _jУчебно-наглядные пособия (вып. 1) _2psbo |
||
| 702 | 1 |
_aМясникова _bЛ. В. _gЛюбовь Васильевна _4220 |
|
| 702 | 1 |
_aПлотникова _bП. Н. _4220 |
|
| 801 | 0 |
_aRU _bNLR _gpsbo |
|
| 801 | 1 |
_aRU _bELAR _2rusmarc |
|
| 852 |
_aNLR _j59-10/1 |
||
| 942 | _cBOOK | ||
| 980 | _aNB | ||